000 01300nam0a22003851 4500
001 v19\rc\1917931
005 20260406052943.0
035 _a(NLR Aleph) 005005184
090 _a6428097
_c6428097
100 _a20080404d1912 u y0rusy50 ca
101 0 _arus
102 _aRU
105 _ay z |||||
200 1 _aХристос в мировой поэзии
_fИона Брихничев
210 _aМосква
_cВ.И. Знаменский и К°
_d1912
215 _a284, [4], VI с.
_d23
316 _aЭкз. РНБ (131/1728): деф.: отсутствует с. VI Оглавления
_5NLR: 131/1728
532 1 3 _aХристос в мировой поэзии
700 1 _8rus
_7ca
_aБрихничев
_bИ. П.
_f1879-1968
_gИона Пантелеймонович
_3RU\NLR\AUTH\777808
_9117735
702 0 _aИисус Христос
_cбибл.
_4570
801 0 _aRU
_bNLR
_gpsbo
801 0 _aRU
_bRuMoRGB
_2psbo
801 1 _aRU
_bProSoft-M
_2rusmarc
852 _aNLR
_j37.36.6.16
852 _aNLR
_j131/1728
899 _aRuMoRGB
_jU 369/30
899 _aRuMoRGB
_jE 77/20
899 _aRuMoRGB
_jРб 35/178
899 _aRuMoRGB
_jМК
899 _aRuMoRGB
_jФ 1-81/9492
899 _aБАН
899 _aНБ МГУ
942 _cBOOK
980 _aNB